Statistics for Guess the Taylor Swift song no hints #12

Click here to take the quiz!

General Stats

  • This quiz has been taken 61 times
  • The average score is 255 of 349

Answer Stats

Answer% Correct
I
100%
a
98%
it
98%
it?
98%
It
98%
you
98%
You
98%
and
96%
And
96%
your
96%
It's
94%
The
94%
the
94%
In
92%
me)
92%
me
92%
To
90%
to
90%
is
88%
"no"
88%
"No"
88%
No
88%
that
88%
we
88%
We
88%
all
86%
my
86%
of
86%
be
84%
said
84%
go
82%
been
76%
But
76%
did
76%
do
76%
for
76%
have
76%
know
76%
there
76%
Was
76%
was
76%
her
73%
at
71%
I've
71%
this
71%
this?
71%
what
71%
Why?
71%
with
71%
back
69%
can
69%
could
69%
say
69%
one
67%
she
67%
just
65%
(Get
63%
Get
63%
thought
63%
can't
61%
gone
61%
let
61%
now
61%
see
61%
should've
61%
you'd
61%
ever
59%
mind
59%
out
59%
about
57%
might
57%
right
57%
still
57%
Baby
55%
'fore
55%
home
55%
things
55%
"Yes"
55%
asking
53%
shouldn't
53%
should'nt
53%
twice
53%
known
51%
myself
51%
oh-whoa
51%
take
51%
think
51%
Before
49%
beggin
47%
feet
47%
forgiveness
47%
same?
45%
tell
45%
word
45%
wrong
43%
Even
41%
Feels
41%
past
41%
worth
41%
believe
39%
Everything
39%
Given
39%
moment
39%
chance
37%
found
37%
honestly
37%
weakness
37%
bout
35%
cryin
35%
expect
35%
looking
35%
need
35%
used
35%
flowers
33%
Yesterday
33%
sing
31%
smiles
31%
songs
31%
resist
27%
strange
27%
forgiviness
8%

Score Distribution

Percentile by Number Answered

Percent of People with Each Score

Your Score History

You have not taken this quiz